000 00550nam a2200181Ia 4500
008 230917s9999||||xx |||||||||||||| ||und||
020 _cUSD 83.00 (RS 5952.76)
040 _e5000559
_aMAIN
041 _aEnglish
082 _a001.42 B456A(2)
100 _aBernard, H Russell
245 0 _aAnalyzing qualitative data: Systematic approaches
250 _a2nd ed.
260 _aCalifornia
_bSage Publications
_c2017
300 _axxiv, 552 p.
500 _a4036 20/02/2020 RK20/3663 26/02/2020 Ch. Ranbir Singh Institute of Social and
942 _cBK
999 _c1917
_d1917